Statistics for Busiest airports by cargo traffic

Click here to take the quiz!

General Stats

  • This quiz has been taken 129 times
  • The average score is 15 of 20

Answer Stats

Total cargo (tonnes)CityWhere% Correct
4,809,485Hong KongEast Asia
93%
3,634,230Shanghai - PudongEast Asia
93%
2,514,918DubaiMiddle East
92%
1,672,874London - HeathrowEurope
91%
2,104,063Tokyo - NaritaEast Asia
90%
2,102,268Paris - CDGEurope
87%
1,957,779Beijing - CapitalEast Asia
85%
2,056,700SingaporeSoutheast Asia
80%
1,758,119Chicago - O'HareNorth America
78%
2,764,369Seoul - IncheonEast Asia
78%
1,326,914Bangkok - SuvarnabhumiSoutheast Asia
72%
2,092,472MiamiNorth America
72%
1,592,221AmsterdamEurope
69%
2,215,804DohaMiddle East
69%
2,091,174Frankfurt am MainEurope
69%
1,922,132Guangzhou - BaiyunEast Asia
64%
2,182,342TaipeiEast Asia
56%
2,745,348AnchorageNorth America
50%
4,322,740MemphisNorth America
44%
2,790,109LouisvilleNorth America
29%

Score Distribution

Percentile by Number Answered

Percent of People with Each Score

Your Score History

You have not taken this quiz